000
00265nam a2200121Ia 4500
008
230303s9999 xx 000 0 und d
041
_a
eng
082
_a
005.133 PAR
100
_a
PARKER (TIM)
245
_a
Linux
260
_a
New Delhi
_b
TECHMEDIA
365
_c
RS
999
_c
178391
_d
178391